| 000 | 00661cab a2200205 4500 | ||
|---|---|---|---|
| 001 | WB2924-65 | ||
| 008 | 090401t1993 xxu||||| |||| 00| 0 eng d | ||
| 035 | _a(Sirsi) u59245 | ||
| 041 | _aeng | ||
| 245 | _aUrban regeneration forum | ||
| 260 | _c1993 | ||
| 350 | _a0 | ||
| 490 |
_aRICS Press Release _v(134/93) 24 June 1993 (2) |
||
| 520 | _aThe RICS is to launch an Urban Regeneration Forum later this year to meet the needs of the growing number of chartered surveyors involved in urban regeneration work. | ||
| 650 | _aABOUT RICS-RICS MEMBERS | ||
| 650 | _aURBAN REGENERATION FORUM | ||
| 690 | _aURBAN RENEWAL | ||
| 942 | _n0 | ||
| 948 | _c04/03/1997 | ||
| 999 |
_c36329 _d36329 |
||